| Tag |
First Indicator |
Second Indicator |
Subfields |
| LEADER |
00000cam a2200000I 4500 |
| 001 |
in00001605708 |
| 005 |
20151023052122.0 |
| 008 |
760706s1915 dcua f001 0 eng |
| 010 |
|
|
|a 15001499
|
| 019 |
|
|
|a 34249173
|
| 035 |
|
|
|a (OCoLC)ocm02299272
|
| 040 |
|
|
|a DLC
|c TXI
|d UAF
|d UtOrBLW
|
| 049 |
|
|
|a TXAM
|
| 050 |
|
0 |
|a QL155
|b .A4 no.39
|
| 070 |
0 |
|
|a 1B52N no. 39
|
| 086 |
0 |
|
|a A 5.5:39
|
| 100 |
1 |
|
|a Bailey, Vernon,
|d 1864-1942.
|
| 245 |
1 |
0 |
|a ... Revision of the pocket gophers of the genus Thomomys /
|c By Vernon Bailey.
|
| 264 |
|
1 |
|a Washington :
|b Govt. print. off,
|c 1915.
|
| 300 |
|
|
|a 136 pages :
|b including illustrations, maps. viii plate (including frontispiece) ;
|c 23 cm.
|
| 336 |
|
|
|a text
|b txt
|2 rdacontent
|
| 337 |
|
|
|a unmediated
|b n
|2 rdamedia
|
| 338 |
|
|
|a volume
|b nc
|2 rdacarrier
|
| 490 |
1 |
|
|a North American fauna ;
|v no. 39
|
| 650 |
|
0 |
|a Pocket gophers.
|
| 810 |
1 |
0 |
|a U.S. Bureau of biological survey.
|t North American fauna ;
|v no. 39.
|
| 994 |
|
|
|a E0
|b TXA
|
| 999 |
|
|
|a MARS
|
| 999 |
f |
f |
|s 945a1ecd-8832-3b31-ad9f-fbaeff5646a8
|i 6f5771be-5060-31b2-b209-8bb2d0d9e42c
|t 0
|
| 952 |
f |
f |
|p normal
|a Texas A&M University
|b College Station
|c Sterling C. Evans Library
|d Evans: US Documents (Annex 5th floor)
|t 0
|e A 5.5:31-40
|h Superintendent of Documents classification
|i unmediated -- volume
|m A14827466630
|
| 952 |
f |
f |
|a Texas A&M University
|b College Station
|c Sterling C. Evans Library
|d Evans: US Documents (Annex 5th floor)
|t 0
|e A 5.5:31-40
|h Superintendent of Documents classification
|
| 998 |
f |
f |
|a A 5.5:31-40
|t 0
|l Evans: US Documents (Annex 5th floor)
|